Vplyvy kvality povýrobných služieb na zákazníkov bakalárska práca

Enregistré dans:
Détails bibliographiques
Auteur principal: Petro, Marián
Collectivité auteur: Fakulta podnikového manažmentu EU. Katedra manažmentu výroby a logistiky - zrušená
Autres auteurs: Leščišin, Michal
Format: Livre
Langue:slovaque
Publié: Bratislava 2011
Tags: Ajouter un tag
Pas de tags, Soyez le premier à ajouter un tag!

MARC

LEADER 00000nbm a2200000 4500
001 0162045
005 20121122104549.7
041 0 |a slo 
044 |a SK 
245 1 0 |a Vplyvy kvality povýrobných služieb na zákazníkov  |b bakalárska práca  |c Marián Petro ; školiteľ: Michal Leščišin 
264 1 |a Bratislava  |c 2011 
300 |a 40 s. 
100 1 |a Petro, Marián 
700 1 |a Leščišin, Michal 
710 2 |a Fakulta podnikového manažmentu EU. Katedra manažmentu výroby a logistiky - zrušená